| 000 | 00387cam a2200157 a 4500 | ||
|---|---|---|---|
| 020 | _a0446521000 | ||
| 040 | _cDLC | ||
| 082 | 0 | 0 | _a813 WAR 1997 A093 Or. |
| 100 | 1 | _aFiles, Lolita. | |
| 245 | 1 | 0 | _aScenes from a sistah / |
| 260 |
_aNew York, NY : _bWarner Books, _cc1997. |
||
| 300 |
_avii, 278 p. ; _c24 cm. |
||
| 650 | 0 | _aAfrican American women | |
| 650 | 0 | _aFriendship | |
| 942 | _cEK | ||
| 999 |
_c13693 _d13693 |
||